[Event "South America-ch U16 17th"]
[Site "Guayaquil"]
[Date "2022.01.26"]
[Round "2"]
[White "Ruiz Zurita, Cesar Josaya"]
[Black "Flores Aedo, Alexander Oliver M"]
[Result "1-0"]
[WhiteElo "1566"]
[BlackElo "1804"]
[PlyCount "70"]
[EventDate "2022.01.25"]
[EventType "swiss"]
[EventRounds "9"]
[EventCountry "ECU"]
[SourceTitle "CBM 206 Extra"]
[Source "ChessBase"]
[SourceDate "2022.03.31"]
[SourceVersion "1"]
[SourceVersionDate "2022.03.31"]
[SourceQuality "1"]

1. c4 Nf6 2. g3 e5 3. Bg2 Nc6 4. Nc3 g6 5. d3 Bg7 6. e4 0-0 7. Nge2 d6 8. 0-0 Nd7 9. h4 Nc5 10. Be3 Nb4 11. Nc1 a5 12. a3 Nc6 13. Rb1 Ne6 14. Nd5 Ncd4 15. Bxd4 Nxd4 16. Ne2 c6 17. Nxd4 exd4 18. Nf4 a4 19. b4 axb3 20. Rxb3 Qa5 21. Qe2 Qc5 22. Ra1 Ra7 23. Qb2 h6 24. Bh3 Bxh3 25. Nxh3 f5 26. Nf4 Rf7 27. Qe2 g5 28. hxg5 hxg5 29. Ne6 Qe5 30. Nxg5 Rf6 31. Qh5 fxe4 32. dxe4 d3 33. Rab1 Ra5 34. Qh7+ Kf8 35. Rxb7 Qxg5 1-0

[Event "PER-ch U10"]
[Site "Lima"]
[Date "2016.02.05"]
[Round "6.1"]
[White "Flores Aedo, Alexander Oliver M"]
[Black "Flores Quillas, Diego Saul Rodrigo"]
[Result "0-1"]
[WhiteElo "1406"]
[BlackElo "1665"]
[PlyCount "76"]
[EventDate "2016.02.02"]
[EventType "swiss"]
[EventRounds "9"]
[EventCountry "PER"]
[SourceTitle "EXT 2024"]
[Source "ChessBase"]
[SourceDate "2023.10.10"]
[SourceVersion "1"]
[SourceVersionDate "2023.10.10"]
[SourceQuality "1"]

1. Nf3 c5 2. g3 g6 3. Bg2 Bg7 4. 0-0 Nc6 5. c4 d6 6. Nc3 Nh6 7. d3 Nf5 8. Bd2 0-0 9. Re1 Nfd4 10. e3 Nxf3+ 11. Bxf3 e5 12. a3 Be6 13. Bg2 Qd7 14. Nd5 Bf5 15. Bc3 Bh3 16. Bf3 f5 17. Bg2 Bxg2 18. Kxg2 Ne7 19. Qb3 Nxd5 20. cxd5 b6 21. a4 Rab8 22. Qb5 Qb7 23. Qc4 a5 24. Ra3 g5 25. f4 exf4 26. exf4 gxf4 27. gxf4 Rbe8 28. Raa1 Qf7 29. Kf2 Bxc3 30. Qxc3 h6 31. Rg1+ Kh7 32. Rg2 Qe7 33. Rag1 Qe2+ 34. Kg3 Rg8+ 35. Kh4 Rxg2 36. Rxg2 Qxg2 37. h3 Re3 38. d4 Qxh3# 0-1